000 00904cam a2200217 4500
001 ##L134431
008 060804n2006 000 0 eng u
035 _a(Sirsi) u134431
041 0 _aeng
050 0 4 _a333.790941 $2 21
110 2 _aTown and Country Planning Association
_93022
245 0 0 _aPlanning for sustainable energy
260 _aLondon
_bTCPA
_c2006
490 0 _aTCPA Policy Statement
520 _aSets out the Town and Country Planning Association's vision for a sustainable energy system. Covers why sustainable energy is an important issue and makes proposals for the creation and delivery of a sustainable energy system.
590 _aIKA010806
651 4 _aUnited Kingdom
_y
690 _aENVIRONMENTAL AND LAND CONSULTANCY-ENERGY-RENEWABLE ENERGY
856 4 0 _uhttps://tcpa.org.uk/policy.htm
_zView the policy statement free of charge at www.tcpa.org.uk..
942 _n0
999 _c105670
_d105670